Bambu, su cultivo y aplicaciones en fabricacion de papel, construccion, arquitectura, ingenieria, artesania /

Bibliographic Details
Main Author: Hidalgo López, Oscar
Format: Book
Language:Spanish
Published: Cali, Colombia : Estudios Tecnicos Colombianos, 1974.
Subjects:

MARC

Tag First Indicator Second Indicator Subfields
LEADER 00000cam a22000001a 4500
001 in00000075498
005 20151008053630.0
008 790516s1974 ck a b 00110 spam
010 |a  79343380  
035 |a (OCoLC)05172176 
035 |9 AAH8092AM 
040 |a DLC  |c DLC  |d TXA  |d UtOrBLW 
049 |a TXAM  |c [1195292] 
050 0 0 |a TA455.B3  |b H52 
100 1 |a Hidalgo López, Oscar. 
245 1 0 |a Bambu, su cultivo y aplicaciones en fabricacion de papel, construccion, arquitectura, ingenieria, artesania /  |c Oscar Hidalgo Lopez. 
264 1 |a Cali, Colombia :  |b Estudios Tecnicos Colombianos,  |c 1974. 
300 |a xvii, 318 pages :  |b illustrations ;  |c 28 cm. 
336 |a text  |b txt  |2 rdacontent 
337 |a unmediated  |b n  |2 rdamedia 
338 |a volume  |b nc  |2 rdacarrier 
504 |a Includes bibliographical references and index. 
650 0 |a Bamboo. 
650 0 |a Bamboo work. 
650 0 |a Bamboo-pulp industry. 
999 |a MARS 
999 f f |s 778c41b4-9a73-3e88-9fca-a90dd80ebdc8  |i b1fad759-6e2f-3496-a0a1-22837f823e1c  |t 0 
952 f f |p normal  |a Texas A&M University  |b College Station  |c Sterling C. Evans Library  |d Evans: Library Stacks  |t 0  |e TA455.B3 H52  |h Library of Congress classification  |i unmediated -- volume  |m A14806242788 
998 f f |a TA455.B3 H52  |t 0  |l Evans: Library Stacks